| 000 | 00589nam a2200205uu 4500 | ||
|---|---|---|---|
| 001 | WIIW0000188 | ||
| 003 | OSt | ||
| 005 | 20241011121858.0 | ||
| 008 | 241011b |||||||| |||| 00| 0 eng d | ||
| 020 | _a978-3-7560-0313-6 | ||
| 040 | _cOSt | ||
| 041 | _ager | ||
| 100 | _dMichael Hüther, Melinda Fremerey, Simon Gerards Iglesias, Ed. | ||
| 245 | 0 | 0 |
_aGegen die Weltordnung _bRusslands Sonderweg und sein ökonomischer Preis |
| 260 |
_aBaden-Baden _bNomos _c2023 |
||
| 300 |
_a219 S. ; _c21,5 cm. |
||
| 490 | _aISPK-Studien zur Konfliktforschung | ||
| 651 | _aRussland | ||
| 942 |
_cB _2z |
||
| 999 |
_c9063 _d9063 |
||